Culture and democracy in Africa south of the sahara (Record no. 125206)
[ view plain ]
| 000 -LEADER | |
|---|---|
| fixed length control field | 00672nam a22001697a 4500 |
| 008 - FIXED-LENGTH DATA ELEMENTS--GENERAL INFORMATION | |
| fixed length control field | 160913b xxu||||| |||| 00| 0 eng d |
| 050 ## - LIBRARY OF CONGRESS CALL NUMBER | |
| Classification number | JQ1879.A15 C85 1994 |
| 245 ## - TITLE STATEMENT | |
| Title | Culture and democracy in Africa south of the sahara |
| Statement of responsibility, etc | Winfred Jung and Silke Krieger ed. |
| 260 ## - PUBLICATION, DISTRIBUTION, ETC. (IMPRINT) | |
| Place of publication, distribution, etc | Germany |
| Name of publisher, distributor, etc | Hase and Koehler Verlag Mainz |
| Date of publication, distribution, etc | 1994 |
| 300 ## - PHYSICAL DESCRIPTION | |
| Extent | xx, 230p. ; |
| Dimensions | 21cm. |
| 440 ## - SERIES STATEMENT/ADDED ENTRY--TITLE | |
| Title | English series |
| Number of part/section of a work | 17 |
| 9 (RLIN) | 25651 |
| 650 ## - SUBJECT ADDED ENTRY--TOPICAL TERM | |
| Topical term or geographic name as entry element | Democracy |
| General subdivision | Social aspects |
| Geographic subdivision | Africa, Sub-Saharan |
| 9 (RLIN) | 25652 |
| 650 ## - SUBJECT ADDED ENTRY--TOPICAL TERM | |
| Topical term or geographic name as entry element | Political culture |
| Geographic subdivision | Africa, Sub-Saharan |
| 9 (RLIN) | 25653 |
| 650 ## - SUBJECT ADDED ENTRY--TOPICAL TERM | |
| Topical term or geographic name as entry element | Political participation |
| Geographic subdivision | Africa, Sub-Saharan |
| 9 (RLIN) | 25654 |
| 650 ## - SUBJECT ADDED ENTRY--TOPICAL TERM | |
| Topical term or geographic name as entry element | Africa, Sub-Saharan |
| General subdivision | Politics |
| 9 (RLIN) | 25655 |
| 942 ## - ADDED ENTRY ELEMENTS (KOHA) | |
| Source of classification or shelving scheme | Library of Congress Classification |
| Item type | Monograph ( Printed materials) |
| Withdrawn status | Lost status | Source of classification or shelving scheme | Damaged status | Not for loan | Collection code | Home library | Current library | Shelving location | Date acquired | Total Checkouts | Full call number | Barcode | Date last seen | Date last borrowed | Price effective from | Koha item type |
|---|---|---|---|---|---|---|---|---|---|---|---|---|---|---|---|---|
| Library of Congress Classification | Main Collection | ARRUPE LIBRARY | ARRUPE LIBRARY | Main Collection | 13/09/2016 | 1 | JQ1879.A15 C85 1994 | 46500010191 | 09/10/2020 | 11/09/2020 | 13/09/2016 | Monograph ( Printed materials) |